Usurper! /

Guardado en:
Bibliografiske detaljer
Hovedforfatter: Smith, Mark (autor)
Andre forfattere: Thomson, Jamie (autor) (autor)
Format: Bog
Sprog:engelsk
Udgivet: Gran Bretaña : Hodder and Stoughton, 1985, c1985
Tags: Tilføj Tag
Ingen Tags, Vær først til at tagge denne postø!

MARC

LEADER 00000nam^a2200000^a^4500
001 000439591
005 20250526000000.0
009 20260310123314.581
020 |a 0-340-37789-5 
037 |a Acervo ITESO - Biblioteca 
041 |a ING 
091 |a FHM. 09458 
100 |a Smith, Mark  |e (autor) 
245 1 0 |a Usurper! / 
264 4 |a Gran Bretaña :  |b Hodder and Stoughton,  |c 1985, c1985 
300 |a 269 p. ;  |c 18.0 cm. 
336 |a texto  |b txt  |2 rdacontenido 
337 |a sin mediación  |b n  |2 rdamedio 
338 |a volumen  |b nc  |2 rdasoporte 
649 |a XX 
700 |a Thomson, Jamie  |e (autor) 
910 |a Fondo Hugo B. Margáin 
920 |a Impresos - Libros 
930 |a Libros Antiguos y Raros 
940 |a Literatura 
905 |a 126 
901 |a 0500305048  |b IT2  |c LRA  |i D109506  |u 20250526 
902 |a https://opac.biblio.iteso.mx/vufind/Record/000439591